Random differential equations in science and engineering /

Guardado en:
Autor Principal: Soong, T. T.
Formato: Libro
Idioma:English
Publicado: New York : Academic Press, 1973.
Series:Mathematics in science and engineering ; v. 103
Etiquetas: Agregar Etiqueta
Sin Etiquetas, Sea el primero en etiquetar este registro!
LEADER 00632nam a22001935 4500
001 MAT.inmabb002094
008 730906s1973####nyua#####b####001#0#eng#d
005 20170608120119.0
245 1 0 |a Random differential equations in science and engineering /  |c T. T. Soong. 
260 |a New York :  |b Academic Press,  |c 1973. 
300 |a xiii, 327 p. :  |b il. ;  |c 24 cm. 
440 0 |a Mathematics in science and engineering ;  |v v. 103 
504 |a Incluye referencias bibliográficas. 
510 4 |a MR,  |c 56 #9691 
100 1 |a Soong, T. T. 
084 |a 60H10  |2 MR 
084 |a 60H10  |2 MR 
010 |a  72084372  
859 |h 60  |i So711  |p A-3746  |b BIB. MATEMATICA